| 000 | 00677cam a2200229 4500 | ||
|---|---|---|---|
| 001 | J63514 | ||
| 008 | 000000n2000 000 0 eng u | ||
| 035 | _a(Sirsi) u110642 | ||
| 041 | _aeng | ||
| 050 | _a333.33709421 | ||
| 110 |
_aDTZ Research _93886 |
||
| 245 | _aCORe : central offices research : London. - Autumn 2000 & Winter 2000/2001 | ||
| 260 |
_aLondon _bDTZ Research _c2000 |
||
| 300 | _a2 pt. ; 30cm. | ||
| 650 | _aFLOORSPACE STATISTICS | ||
| 650 | _aLONDON | ||
| 650 | _aPROPERTY-COMMERCIAL PROPERTY-OFFICE PROPERTY-OFFICE PROPERTY MARKET | ||
| 650 | _aPROPERTY INVESTMENT | ||
| 650 | _aOFFICES | ||
| 690 | _aPROPERTY-COMMERCIAL PROPERTY | ||
| 942 | _n0 | ||
| 999 |
_c101120 _d101120 |
||